00517nam a2200145Ia 4500008004100000040001300041050001100054245014500065260004500210300002000255504004700275650001200322700002000334999001700354100611 1959 a er| 001 0|eng d aNG-ZaABU aRD 129 0aTransplantation of tissues: Skin,Cornea,Fat,Nerves,Teeth,Blood vessels Endocrine Glands, Organs, Peritoneum Cancer cells/cby Lyndon A. Peer aBaltimore:bThe Williams & Wilkins,;1959 axiii, 690p.:ill aIncludes bibliographical references index aSurgery aPeer, Lyndon A. c63549d63549